ロード中...

Baskervillesile vettanaya

書誌詳細
第一著者: Doyle, Sir Arthur Conan
その他の著者: Warrier, P.A
フォーマット: Printed Book
言語:English
出版事項: Kottayam Current Books 2007
版:2nd ed.
主題:
LEADER 00722nam a2200253 a 4500
001 adlib96000001
003 ViArRB
005 20151026132346.0
008 960221s1955 dcuabcdjdbkoqu001 0deng d
020 |a 8124015627 
022
040 |a Adlib 
082 |a FM 
245 |a Baskervillesile vettanaya 
250 |a 2nd ed. 
260 |a Kottayam  |b Current Books  |c 2007 
300 |a 115p 
500 |a   
100 |a Doyle, Sir Arthur Conan 
700 |a Warrier, P.A. 
942 |c BK  |6 _ 
653 |a Ficiton - Malayalam Literature  |a Fiction- Malayalam Literature 
999 |c 47026  |d 47026 
952 |0 0  |1 0  |4 0  |6 FM_DOYB1  |7 0  |9 59571  |a UL  |b UL  |d 2010-06-16  |l 44  |m 1  |o FM DOY/B;1  |p 00059496  |r 2015-08-10  |s 2015-07-16  |w 2010-06-16  |y BK